Statystyki dla Najdroźsi piłkarze 2022

Kliknij tutaj aby rozwiązać quiz!

Ogólne statystyki

  • Ten quiz został rozwiązany 263 razy
  • Średni wynik to 14 z 50

Statystyki odpowiedzi

Podpowiedźodpowiedź% Poprawnych
160 MLNKylian Mbappe / Mbappe
97%
170 MLNErling Haaland / Haaland
80%
90 MLNPablo Gavi / Gavi
64%
100 MLNPedri
61%
90 MLNHarry Kane / Kane
52%
100 MLNJude Bellingham / Bellingham
51%
110 MLNPhil Foden / Foden
51%
120 MLNVinicius Jr / Vini Jr
49%
80 MLNMohamed Salah / Salah
46%
80 MLNKevin De Bruyne / De Bruyne
42%
100 MLNJamal Musiala / Musiala
39%
80 MLNRodrygo
37%
90 MLNBukayo Saka / Saka
36%
100 MLNFederico Valverde / Valverde
30%
85 MLNRafael Leao / Leao
30%
70 MLNHeung Min Son / Son
27%
65 MLNAchraf Hakimi / Hakimi
25%
80 MLNBernardo Silva / Silva
24%
80 MLNDusan Vlahovic / Vlahovic
24%
70 MLNJack Grealish / Grealish
24%
70 MLNLeroy Sane / Sane
24%
75 MLNNeymar Jr
24%
75 MLNRuben Dias / Dias
24%
75 MLNBruno Fernandes / Fernandes
23%
75 MLNLautaro Martinez / Martinez
23%
75 MLNMason Mount / Mount
23%
70 MLNJoao Cancelo / Cancelo
22%
80 MLNAurelien Tchouameni / Tchouameni
21%
70 MLNDarwin Nunez / Nunez
21%
65 MLNSerge Gnabry / Gnabry
21%
70 MLNAlphonso Davies / Davies
20%
70 MLNTrent Alexander-Arnold / Alexander-Arnold
20%
70 MLNKai Havertz / Havertz
19%
80 MLNRodri
19%
65 MLNLeon Goretzka / Goretzka
18%
75 MLNAntony
17%
70 MLNMatthijs De Ligt / De Ligt
17%
70 MLNReece James / James
17%
80 MLNDeclan Rice / Rice
16%
75 MLNGabriel Jesus / Jesus
16%
75 MLNLuis Diaz / Diaz
16%
70 MLNMarquinhos
15%
80 MLNChristopher Nkunku / Nkunku
14%
70 MLNNicolo Barella / Barella
12%
70 MLNVictor Osimhen / Osimhen
11%
60 MLNMartinelli / Gabriel Martinelli
10%
70 MLNFlorian Wirtz / Wirtz
9%
65 MLNWesley Fofana / Fofana
7%
80 MLNJoshua Kimmich
6%
70 MLNRaheem Sterling / Streling
3%

Rozkład punktacji

Percentyl według liczby udzielonych odpowiedzi

Procent ludzi z każdym wynikiem

Twoja historia wyników

Nie rozwiązałeś tego quizu